[Event "nurmalso scandinavian opening"]
[Site "SchemingMind.com"]
[Date "2017.07.05"]
[Round "-"]
[White "ray winteringham"]
[Black "flyinduck"]
[Result "0-1"]
[WhiteCountry "ENG"]
[BlackCountry "CAN"]
[WhiteElo "1483"]
[WhiteRD "52"]
[BlackElo "2035"]
[BlackRD "67"]
[GameID "415795"]

1. e4 d5 2. exd5 Qxd5 3. Nc3 Qa5 4. d3 Nf6 5. Bd2 c6 6. Be2 Qc7 7. Bf3 Bf5 8. Nge2 e5 9. g3 Bh3 10. Ng1 Be6
11. Bg2 Bc5 12. Qe2 Nbd7 13. Nf3 O-O 14. O-O Rfe8 15. a3 Nd5 16. Qd1 Rad8 17. b4 Bf8 18. Ne4 h6 19. Qc1 f5 20. Nc3 Bf7
21. Nxd5 cxd5 22. Nh4 Rc8 23. Nxf5 Qxc2 24. Qd1 Qxd1 25. Rfxd1 Nf6 26. Be3 d4 27. Bd2 Nd5 28. g4 Rc7 29. Rac1 Nc3 30. Bxc3 dxc3
31. h3 a5 32. bxa5 Bxa3 33. Rc2 Bb3
0-1

[Event "nurmalso scandinavian opening"]
[Site "SchemingMind.com"]
[Date "2017.07.05"]
[Round "-"]
[White "flyinduck"]
[Black "ray winteringham"]
[Result "1-0"]
[WhiteCountry "CAN"]
[BlackCountry "ENG"]
[WhiteElo "1960"]
[WhiteRD "65"]
[BlackElo "1535"]
[BlackRD "53"]
[GameID "415796"]

1. e4 d5 2. exd5 Qxd5 3. Nc3 Qd8 4. d4 Bf5 5. Bc4 e6 6. Nf3 Nd7 7. O-O Be7 8. Re1 Ngf6 9. h3 O-O 10. Nh4 Ne8
11. Nxf5 exf5 12. Bf4 Kh8 13. Bb3 Bg5 14. Bh2 f4 15. Qf3 c6 16. Ne4 Bh6 17. Bxf4 Bxf4 18. Qxf4 g6 19. Ng5 Nc7 20. Nxf7+ Rxf7
21. Qxf7 Nf6 22. Re7 Ncd5 23. Qg7#
1-0

[Event "nurmalso scandinavian opening"]
[Site "SchemingMind.com"]
[Date "2017.07.05"]
[Round "-"]
[White "frankly"]
[Black "flyinduck"]
[Result "1-0"]
[WhiteCountry "ENG"]
[BlackCountry "CAN"]
[WhiteElo "2543"]
[WhiteRD "60"]
[BlackElo "1967"]
[BlackRD "64"]
[GameID "415797"]

1. e4 d5 2. exd5 Qxd5 3. Nc3 Qa5 4. d4 Nf6 5. Nf3 Bf5 6. Ne5 e6 7. Nc4 Qb4 8. Bf4 Qe7 9. Ne3 Bg6 10. Qf3 c6
11. h4 h6 12. h5 Bh7 13. O-O-O Qd8 14. d5 exd5 15. Nexd5 cxd5 16. Nxd5
1-0

[Event "nurmalso scandinavian opening"]
[Site "SchemingMind.com"]
[Date "2017.07.05"]
[Round "-"]
[White "flyinduck"]
[Black "frankly"]
[Result "0-1"]
[WhiteCountry "CAN"]
[BlackCountry "ENG"]
[WhiteElo "2035"]
[WhiteRD "67"]
[BlackElo "2610"]
[BlackRD "61"]
[GameID "415798"]

1. e4 d5 2. exd5 Nf6 3. d4 Nxd5 4. c4 Nb6 5. Be2 g6 6. Be3 Bg7 7. Nc3 O-O 8. Rc1 e5 9. dxe5 Qxd1+ 10. Rxd1 Bxe5
11. Nf3 Bxc3+ 12. bxc3 N8d7 13. h4 Na4 14. Rc1 Nf6 15. Nd4 Re8 16. Nb5 Re7 17. O-O a6 18. Nd4 Bg4 19. Bg5 Bxe2 20. Rfe1 Kg7
21. Rxe2 Rxe2 22. Nxe2 Re8 23. Kf1 Nd7 24. h5 f6 25. Bf4 c6 26. Rb1 Rxe2 27. Kxe2 Nxc3+ 28. Kd3 Nxb1 29. Kc2 gxh5 30. Kxb1 Ne5
31. c5 Nd3 32. Be3 h4 33. a3 Ne1
0-1

[Event "nurmalso scandinavian opening"]
[Site "SchemingMind.com"]
[Date "2017.07.05"]
[Round "-"]
[White "David Perna-Fraser"]
[Black "flyinduck"]
[Result "1-0"]
[WhiteCountry "CAN"]
[BlackCountry "CAN"]
[WhiteElo "2049"]
[WhiteRD "74"]
[BlackElo "2031"]
[BlackRD "67"]
[GameID "415799"]

1. e4 d5 2. exd5 Qxd5 3. Nc3 Qa5 4. Nf3 Nf6 5. d4 Bf5 6. Bd2 c6 7. Bc4 e6 8. Nd5 Qd8 9. Nf4 Nbd7 10. O-O Qc7
11. Re1 Bd6 12. Nd3 Bg4 13. h3 Bh5 14. Bxe6 fxe6 15. Rxe6+ Kd8 16. Nde5 Bxe5 17. dxe5 Ne4 18. Bb4 c5 19. Qd5 Bxf3 20. gxf3 cxb4
21. fxe4 Qc5 22. Rd1 Qxd5 23. Rxd5 Kc7 24. Re7
1-0

[Event "nurmalso scandinavian opening"]
[Site "SchemingMind.com"]
[Date "2017.07.05"]
[Round "-"]
[White "flyinduck"]
[Black "David Perna-Fraser"]
[Result "1-0"]
[WhiteCountry "CAN"]
[BlackCountry "CAN"]
[WhiteElo "2053"]
[WhiteRD "68"]
[BlackElo "2048"]
[BlackRD "70"]
[GameID "415800"]

1. e4 d5 2. exd5 Nf6 3. d4 Qxd5 4. Nc3 Qa5 5. Bc4 e6 6. Nf3 Ne4 7. Bd2 Nxd2 8. Qxd2 Bb4 9. O-O Bxc3 10. bxc3 b5
11. Bd3 Bb7 12. Qg5 Bxf3 13. Qxg7 Rf8 14. gxf3 Qxc3 15. Bxb5+ Nd7 16. Qg5 h6 17. Qf4 Rg8+ 18. Kh1 Ke7 19. Bxd7 Kxd7 20. Qxf7+ Kd6
21. Rae1 Rae8 22. d5 e5 23. Re3 Qxc2 24. Ra3 Rgf8 25. Ra6+ c6 26. Rxc6+ Qxc6 27. Qg6+ Kxd5 28. Rd1+
1-0

[Event "nurmalso scandinavian opening"]
[Site "SchemingMind.com"]
[Date "2017.07.05"]
[Round "-"]
[White "flyinduck"]
[Black "Chivas"]
[Result "0-1"]
[WhiteCountry "CAN"]
[BlackCountry "NOR"]
[WhiteElo "2031"]
[WhiteRD "67"]
[BlackElo "1914"]
[BlackRD "116"]
[GameID "415801"]

1. e4 d5 2. exd5 Nf6 3. d4 Bg4 4. f3 Bf5 5. c4 e6 6. dxe6 Nc6 7. Be3 Qe7 8. exf7+ Kxf7 9. Kf2 Re8 10. Qd2 Qd7
11. Nc3 Rxe3 12. Qxe3 Nxd4 13. Rd1 Bc5 14. b4 Re8 15. Qxe8+ Qxe8 16. bxc5 Nc2 17. Nd5 Nxd5 18. cxd5 Qe3+ 19. Kg3 g5 20. Ne2 h5
21. h4 Qe5+ 22. Kf2 g4 23. g3 Qe3+ 24. Kg2 gxf3+
0-1

[Event "nurmalso scandinavian opening"]
[Site "SchemingMind.com"]
[Date "2017.07.05"]
[Round "-"]
[White "Chivas"]
[Black "flyinduck"]
[Result "0-1"]
[WhiteCountry "NOR"]
[BlackCountry "CAN"]
[WhiteElo "1914"]
[WhiteRD "116"]
[BlackElo "2031"]
[BlackRD "67"]
[GameID "415802"]

1. e4 d5 2. exd5 Qxd5 3. Nc3 Qa5 4. Bc4 Nf6 5. Nf3 Bf5 6. O-O e6 7. d3 c6 8. Qe2 Be7 9. Nd4 O-O 10. Bd2 Bg4
11. f3 Bh5 12. Nd5 Qd8 13. Nxe7+ Qxe7
0-1

[Event "nurmalso scandinavian opening"]
[Site "SchemingMind.com"]
[Date "2017.07.02"]
[Round "-"]
[White "anne"]
[Black "Wojtek26"]
[Result "1-0"]
[WhiteCountry "GER"]
[BlackCountry "POL"]
[WhiteElo "2228"]
[WhiteRD "87"]
[BlackElo "1608"]
[BlackRD "51"]
[GameID "415892"]

1. e4 d5 2. exd5 Nf6 3. Nf3 Nxd5 4. c4 Nf6 5. d4 e6 6. Nc3 Bb4 7. Bd3 O-O 8. O-O Nc6 9. Bc2 b6 10. Qd3 Bb7
11. Bg5 h6 12. Bxf6 Qxf6 13. Qh7#
1-0

[Event "nurmalso scandinavian opening"]
[Site "SchemingMind.com"]
[Date "2017.07.02"]
[Round "-"]
[White "Wojtek26"]
[Black "anne"]
[Result "0-1"]
[WhiteCountry "POL"]
[BlackCountry "GER"]
[WhiteElo "1596"]
[WhiteRD "45"]
[BlackElo "2240"]
[BlackRD "90"]
[GameID "415893"]

1. e4 d5 2. exd5 Qxd5 3. Nc3 Qd6 4. Nf3 Nc6 5. Bb5 a6 6. Ba4 b5 7. Bb3 Nf6 8. O-O e6 9. Re1 Be7 10. d3 Bb7
11. Bg5 Nd4 12. Nxd4 Qxd4 13. Rb1 h5 14. Be3 Qh4 15. Bf4 Qxf4 16. Bxe6 fxe6= 17. Rxe6 Ng4 18. Rxe7+ Kxe7 19. Qe2+ Kd6 20. g3 Qf3
0-1

[Event "nurmalso scandinavian opening"]
[Site "SchemingMind.com"]
[Date "2017.07.03"]
[Round "-"]
[White "maro"]
[Black "Wojtek26"]
[Result "1-0"]
[WhiteCountry "MEX"]
[BlackCountry "POL"]
[WhiteElo "1468"]
[WhiteRD "64"]
[BlackElo "1515"]
[BlackRD "52"]
[GameID "415894"]

1. e4 d5 2. d4 dxe4 3. Nc3 Nf6 4. Bc4 e6 5. Qe2 Nc6 6. Nxe4 Nxe4 7. Qxe4 Nxd4 8. Ne2 Nxe2 9. Bxe2 Bd6 10. O-O O-O
11. b3 Rb8 12. Bb2 Qg5 13. g3 b6 14. Bd3 f5 15. Qc4 a5 16. Rae1 Qh6 17. Be5 Re8 18. Bxf5 Bxe5 19. Rxe5 Bd7 20. Rfe1 Kf7
21. Qxc7 Kf8 22. Qxd7 Rbd8 23. Qc6 Qf6 24. Bxh7 Rd2 25. Bf5 Red8 26. Rxe6 Qf7 27. Re7 Rd1 28. Rxf7+
1-0

[Event "nurmalso scandinavian opening"]
[Site "SchemingMind.com"]
[Date "2017.07.03"]
[Round "-"]
[White "Wojtek26"]
[Black "maro"]
[Result "0-1"]
[WhiteCountry "POL"]
[BlackCountry "MEX"]
[WhiteElo "1515"]
[WhiteRD "52"]
[BlackElo "1468"]
[BlackRD "64"]
[GameID "415895"]

1. e4 d5 2. exd5 e5 3. dxe6 Bxe6 4. Nf3 Bc5 5. Nc3 Nf6 6. d3 h6 7. Be2 O-O 8. O-O Nc6 9. Bf4 Bd4 10. Nxd4 Nxd4
11. Re1 Qd7 12. Be3 c5 13. Bxd4 Qxd4 14. Nb5 Qd7 15. a4 a6 16. Nc3 Rac8 17. Bf3 h5 18. Bxh5 g6 19. Bf3 Kg7 20. Ne4 Rh8
21. Qd2 Bh3 22. Nxf6 Kxf6 23. Qf4+ Kg7 24. gxh3 Qxh3 25. Qg3 Qf5 26. Qe5+ Qxe5 27. Rxe5 Rh6 28. Rae1 Rch8 29. Re7 Rxh2 30. Kf1 R8h4
31. Rxb7 Rf4 32. Kg1 Rh3 33. Bg2 Rg4 34. Kf1 Rh2 35. Bf3 Rgh4 36. Ke2 c4 37. dxc4 Rxc4 38. Kd3 Rxa4 39. b3 Rf4 40. Ke3 g5
41. Re2 Rh3 42. Rb6 Rhxf3+
0-1

[Event "nurmalso scandinavian opening"]
[Site "SchemingMind.com"]
[Date "2017.07.02"]
[Round "-"]
[White "Wojtek26"]
[Black "Scooter"]
[Result "0-1"]
[WhiteCountry "POL"]
[BlackCountry "USA"]
[WhiteElo "1596"]
[WhiteRD "45"]
[BlackElo "1711"]
[BlackRD "52"]
[GameID "415897"]

1. e4 d5 2. exd5 Qxd5 3. Nc3 Qd8 4. Nf3 Bg4 5. Be2 Nf6 6. O-O g6 7. h3 Bxf3 8. Bxf3 c6 9. d3 Bg7 10. Re1 O-O
11. Bg5 Nbd7 12. a3 e6 13. Qd2 Qc7 14. Ne4 Nxe4 15. Bxe4 Bf6 16. Bh6 Rfd8 17. Bf3 Bxb2 18. Rab1 Bxa3 19. Qc3 Bf8 20. Bg5 Re8
21. Qb2 Bg7 22. Qxb7 Rec8 23. Qa6 Ne5 24. Be2 h6 25. Qa4 hxg5 26. f4 gxf4 27. Qxf4 Qe7 28. d4 Nd7 29. Bf3 Qf6 30. Qd6 Qxd4+
31. Qxd4 Bxd4+ 32. Kh1 Ne5 33. Rbd1 Nxf3 34. gxf3 e5 35. f4 f6 36. fxe5 Bxe5 37. Rd7 Rd8 38. Rb7 a5 39. Reb1 a4 40. Re7 Re8
41. Rd7 f5 42. Rbb7 a3
0-1

[Event "nurmalso scandinavian opening"]
[Site "SchemingMind.com"]
[Date "2017.07.02"]
[Round "-"]
[White "kenneth m day"]
[Black "Wojtek26"]
[Result "1-0"]
[WhiteCountry "USA"]
[BlackCountry "POL"]
[WhiteElo "1726"]
[WhiteRD "60"]
[BlackElo "1501"]
[BlackRD "54"]
[GameID "415898"]

1. e4 d5 2. exd5 Nf6 3. d4 Nxd5 4. c4 Nf6 5. Nf3 e6 6. Nc3 Bb4 7. Bd2 O-O 8. Bd3 Nc6 9. O-O Nxd4 10. Nxd4 Qxd4
11. Be2 b6 12. Qc2 Bb7 13. Be3 Qd7 14. Rad1 Qe7 15. a3 Bxc3 16. Qxc3 Rad8 17. Bf4 c5 18. Rfe1 Ne4 19. Qe3 Qf6 20. Bf3 Qxb2
21. Bxe4 Bxe4 22. Qxe4 Qxa3 23. Bc1 Qa6 24. Bb2 Qa2 25. Be5 f6 26. Bg3 e5 27. h3 Rfe8 28. Ra1 Qd2 29. Qb7 Rd7 30. Qc6 Red8
31. Qe6+ Kf8 32. Qg4 Rd4 33. Qe2 Qb4 34. Rxa7 Rxc4 35. f4 e4 36. Rb7 f5 37. Ra1 Rcd4 38. Qh5 R4d7 39. Rxd7 Rxd7 40. Qxf5+ Rf7
41. Ra8+ Ke7 42. Ra7+
1-0

[Event "nurmalso scandinavian opening"]
[Site "SchemingMind.com"]
[Date "2017.07.02"]
[Round "-"]
[White "Wojtek26"]
[Black "kenneth m day"]
[Result "0-1"]
[WhiteCountry "POL"]
[BlackCountry "USA"]
[WhiteElo "1558"]
[WhiteRD "47"]
[BlackElo "1703"]
[BlackRD "62"]
[GameID "415899"]

1. e4 d5 2. exd5 Qxd5 3. Nc3 Qd6 4. Nf3 Nf6 5. d3 Bg4 6. Be2 a6 7. h3 Bh5 8. O-O Nc6 9. Be3 O-O-O 10. a3 h6
11. b4 g5 12. Qb1 g4 13. Bc5 Qe6 14. hxg4 Bxg4 15. b5 Na5 16. bxa6 bxa6 17. Re1 Bg7 18. Nd4 Qd7 19. Bxg4 Nxg4 20. Ba7 Nb7
21. Qb4 Qxd4 22. Qxd4 Bxd4 23. Ne4 Bxa1 24. Rxa1 Nd6 25. Nc5 Nb5 26. Nxa6 Nxa7 27. Rb1 Nc6 28. f3 Ne3 29. Rb2 Rhg8 30. c4 Rxd3
31. a4 Nxc4 32. Rc2 N6e5 33. Nc5 Rd2 34. Rc1 Rgxg2+
0-1

[Event "nurmalso scandinavian opening"]
[Site "SchemingMind.com"]
[Date "2017.07.02"]
[Round "-"]
[White "ray winteringham"]
[Black "Wojtek26"]
[Result "0-1"]
[WhiteCountry "ENG"]
[BlackCountry "POL"]
[WhiteElo "1456"]
[WhiteRD "51"]
[BlackElo "1608"]
[BlackRD "51"]
[GameID "415900"]

1. e4 d5 2. exd5 Nf6 3. Bc4 Nxd5 4. f3 e6 5. Ne2 Bc5 6. d4 Bb6 7. c3 O-O 8. O-O Nc6 9. Bf4 Nxf4 10. Nxf4 Ne7
11. Nd2 c6 12. Qc2 Bc7 13. Bd3 Bxf4 14. Bxh7+ Kh8 15. Bd3 Nf5 16. Qc1 Qg5 17. Ne4 Bxc1 18. Nxg5 Bxg5 19. f4 Bh6 20. Rf3 b6
21. g4 Nh4 22. Rh3 g5 23. fxg5 Bxg5 24. Kf2 Kg7 25. Kg3 Ng6 26. Rh5 f6 27. h4 Bf4+ 28. Kf3 Bd6 29. Bxg6 Kxg6 30. Re1 e5
31. Rf5 Bxf5 32. gxf5+ Kxf5
0-1

[Event "nurmalso scandinavian opening"]
[Site "SchemingMind.com"]
[Date "2017.07.02"]
[Round "-"]
[White "Wojtek26"]
[Black "ray winteringham"]
[Result "1-0"]
[WhiteCountry "POL"]
[BlackCountry "ENG"]
[WhiteElo "1608"]
[WhiteRD "51"]
[BlackElo "1456"]
[BlackRD "51"]
[GameID "415901"]

1. e4 d5 2. exd5 Qxd5 3. Nc3 Qd8 4. Nf3 e6 5. Bc4 Bd6 6. d4 Nf6 7. O-O h6 8. Re1 O-O 9. d5 Re8 10. dxe6 fxe6
11. Nd4 Nh5 12. Qxh5 b5 13. Bxb5 Rf8 14. Nxe6 Bxe6 15. Rxe6 Bc5 16. Qxc5 Qc8 17. Bc4 Kh8 18. Bxh6 gxh6 19. Rxh6+ Kg7 20. Qg5#
1-0

[Event "nurmalso scandinavian opening"]
[Site "SchemingMind.com"]
[Date "2017.07.07"]
[Round "-"]
[White "frankly"]
[Black "Wojtek26"]
[Result "1-0"]
[WhiteCountry "ENG"]
[BlackCountry "POL"]
[WhiteElo "2543"]
[WhiteRD "62"]
[BlackElo "1608"]
[BlackRD "51"]
[GameID "415902"]

1. e4 d5 2. exd5 Nf6 3. d4 Nxd5 4. c4 Nf6 5. Nf3 Bg4 6. Be2 e6 7. h3 Bh5 8. Nc3 c5 9. d5 exd5 10. Bf4 d4
11. Nb5 Na6 12. O-O h6 13. Nh4 Bxe2 14. Qxe2+ Qe7 15. Nd6+ Kd7 16. Qf3 Rb8 17. Nhf5 Qd8 18. Nxf7
1-0

[Event "nurmalso scandinavian opening"]
[Site "SchemingMind.com"]
[Date "2017.07.06"]
[Round "-"]
[White "Wojtek26"]
[Black "frankly"]
[Result "0-1"]
[WhiteCountry "POL"]
[BlackCountry "ENG"]
[WhiteElo "1608"]
[WhiteRD "51"]
[BlackElo "2543"]
[BlackRD "62"]
[GameID "415903"]

1. e4 d5 2. exd5 Qxd5 3. Nc3 Qa5 4. Qf3 Nf6 5. d3 e5 6. Bd2 Nc6 7. Ne4 Qb6 8. Nxf6+ gxf6 9. Qxf6 Qxb2 10. Rc1 Rg8
11. Nf3 Be6 12. Nxe5 Nxe5 13. Bf4 Nf3+ 14. gxf3 Qxf6
0-1

[Event "nurmalso scandinavian opening"]
[Site "SchemingMind.com"]
[Date "2017.07.02"]
[Round "-"]
[White "David Perna-Fraser"]
[Black "Wojtek26"]
[Result "0-1"]
[WhiteCountry "CAN"]
[BlackCountry "POL"]
[WhiteElo "2154"]
[WhiteRD "78"]
[BlackElo "1596"]
[BlackRD "45"]
[GameID "415904"]

1. e4 d5 2. exd5 Nf6 3. Nc3 Nxd5 4. Bc4 e6 5. Qf3 Nxc3 6. Qxc3 Nc6 7. Bb5 Bd7 8. a3 Be7 9. Ne2 O-O 10. d3 a6
11. Ba4 Bf6 12. Qd2 b5 13. Bb3 Nd4 14. Nxd4 Bxd4 15. O-O Bc6 16. Qf4 Bf6 17. Qg3 Bh4 18. Qg4 Bf6 19. Rd1 Qe7 20. c3 Rad8
21. d4 Rd6 22. Bf4 Rd7 23. Rd3 Bd5 24. Bxd5 exd5 25. Re3 Qd8 26. Rh3 g6 27. Be5 Bxe5 28. dxe5 d4 29. e6 fxe6 30. Qxe6+ Rff7
31. Re1 Re7 32. Rd3 Rxe6 33. Rxe6 Re7 34. Rxe7 Qxe7 35. Kf1 Qe4 36. Rxd4 Qb1+ 37. Ke2 Qxb2+ 38. Kd3 Qxa3 39. h4 Qc5 40. g4 Qe7
41. h5 c5 42. Rd5 Kf7 43. f4 c4+ 44. Kd4 Qf6+ 45. Kc5 Qxc3 46. Rd7+ Kg8 47. h6 Qe3+ 48. Kb4 Qxf4 49. Rg7+ Kf8 50. Rxh7 Qxg4
51. Rh8+ Kf7 52. h7 Kg7 53. Rf8 Kxh7 54. Ka5 Qe6 55. Rf1 g5 56. Rh1+ Kg6 57. Rd1 g4 58. Rd6 Kf5
0-1

[Event "nurmalso scandinavian opening"]
[Site "SchemingMind.com"]
[Date "2017.07.02"]
[Round "-"]
[White "Wojtek26"]
[Black "David Perna-Fraser"]
[Result "0-1"]
[WhiteCountry "POL"]
[BlackCountry "CAN"]
[WhiteElo "1596"]
[WhiteRD "45"]
[BlackElo "2154"]
[BlackRD "78"]
[GameID "415905"]

1. e4 d5 2. exd5 Nf6 3. Nc3 Nxd5 4. Nxd5 Qxd5 5. Nf3 Bg4 6. Be2 e6 7. h3 Bh5 8. O-O Bd6 9. c4 Qa5 10. a3 Nc6
11. b4 Bxb4 12. g4 Bg6 13. Bb2 Bf8 14. Bc3 Qc5 15. a4 O-O-O 16. d4 Qe7 17. Qb3 h5 18. Rab1 Bxb1 19. Rxb1 b6 20. a5 Qa3
21. Qc2 Bb4 22. Ra1 Qxc3 23. Qe4 Qxa1+ 24. Kg2 hxg4 25. hxg4 Qh1+
0-1

[Event "nurmalso scandinavian opening"]
[Site "SchemingMind.com"]
[Date "2017.07.07"]
[Round "-"]
[White "flyinduck"]
[Black "Wojtek26"]
[Result "1-0"]
[WhiteCountry "CAN"]
[BlackCountry "POL"]
[WhiteElo "2035"]
[WhiteRD "67"]
[BlackElo "1501"]
[BlackRD "54"]
[GameID "415906"]

1. e4 d5 2. exd5 Qxd5 3. Nc3 Qd8 4. d4 Nf6 5. Bc4 e6 6. Be3 Bb4 7. Ne2 O-O 8. O-O Nbd7 9. a3 Ba5 10. h3 h6
11. b4 Bb6 12. Qd2 a5 13. Rad1 axb4 14. axb4 Ba7 15. Ra1 Nb6 16. Bb3 Nfd5 17. Nb5 Nxe3 18. fxe3 c6 19. Nxa7 Bd7 20. Ra2 Qe7
21. Qc3 Nd5 22. Bxd5 cxd5 23. Rfa1 f5 24. Nc6
1-0

[Event "nurmalso scandinavian opening"]
[Site "SchemingMind.com"]
[Date "2017.07.07"]
[Round "-"]
[White "Wojtek26"]
[Black "flyinduck"]
[Result "0-1"]
[WhiteCountry "POL"]
[BlackCountry "CAN"]
[WhiteElo "1501"]
[WhiteRD "54"]
[BlackElo "2035"]
[BlackRD "67"]
[GameID "415907"]

1. e4 d5 2. exd5 Qxd5 3. Nc3 Qa5 4. d3 Nf6 5. Bd2 c6 6. Nf3 Bf5 7. Be2 Qc7 8. Nh4 Bg6 9. Nxg6 hxg6 10. g3 Nbd7
11. Bf4 e5 12. Bd2 O-O-O 13. O-O Kb8 14. a4 Bd6 15. Bg5 Nc5 16. Bf3 Ne6 17. Bxf6 gxf6 18. Ne4 Be7 19. Bg2 f5 20. Nd2 Rh7
21. Nf3 e4 22. Nd2 exd3 23. cxd3 Rdh8 24. Nf3 g5 25. h3 g4 26. hxg4 fxg4 27. Nd2 f5 28. Qe2 Bc5 29. Rab1 Rh1+
0-1

[Event "nurmalso scandinavian opening"]
[Site "SchemingMind.com"]
[Date "2017.07.03"]
[Round "-"]
[White "Wojtek26"]
[Black "Chivas"]
[Result "0-1"]
[WhiteCountry "POL"]
[BlackCountry "NOR"]
[WhiteElo "1515"]
[WhiteRD "52"]
[BlackElo "2062"]
[BlackRD "135"]
[GameID "415908"]

1. e4 d5 2. exd5 Nf6 3. Nc3 Nxd5 4. Nxd5 Qxd5 5. Nf3 Bg4 6. Be2 Nc6 7. O-O O-O-O 8. h3 Bh5 9. c4 Qd6 10. b3 e5
11. Bb2 e4 12. Ng5 Bg6 13. Bg4+ Kb8 14. Re1 Qxd2 15. Qe2 Qxg5 16. Bc1 Qe7 17. a4 h5 18. Bc8 Rxc8 19. Bb2 Nb4 20. Rad1 Nd3
21. Rf1 Nxb2 22. Qxb2 e3 23. fxe3 Qxe3+ 24. Kh1 Bd6 25. Qxg7 Qg3 26. Kg1 Bc5+ 27. Kh1 Rhg8 28. Qh6 Be4 29. Qd2 Bxg2+
0-1

[Event "nurmalso scandinavian opening"]
[Site "SchemingMind.com"]
[Date "2017.07.03"]
[Round "-"]
[White "Chivas"]
[Black "Wojtek26"]
[Result "1-0"]
[WhiteCountry "NOR"]
[BlackCountry "POL"]
[WhiteElo "2062"]
[WhiteRD "135"]
[BlackElo "1515"]
[BlackRD "52"]
[GameID "415909"]

1. e4 d5 2. exd5 Nf6 3. c4 e6 4. dxe6 Bxe6 5. Nf3 Bb4 6. a3 Bc5 7. d4 Be7 8. Nc3 O-O 9. Bd3 Nc6 10. d5 Bd7
11. dxc6 Bxc6 12. O-O Bd6 13. Bg5 h6 14. Bxf6 Qxf6 15. Ne4 Qe7 16. Nxd6 Qxd6 17. Nd4 Rad8 18. Nxc6 bxc6 19. Be2 Rfe8 20. Qxd6 cxd6
21. Bf3 c5 22. Rfe1 Re6 23. Bd5 Rf6 24. Re7 Rb8 25. Rb7 Re8 26. Kf1 Rf5 27. Re1
1-0